Library Banner

The judaization of jerusalem (Record no. 82650)

MARC details
000 -LEADER
fixed length control field 00312nam a22001337a 4500
005 - DATE AND TIME OF LATEST TRANSACTION
control field 20160208115451.0
008 - FIXED-LENGTH DATA ELEMENTS--GENERAL INFORMATION
fixed length control field 160208b xxu||||| |||| 00| 0 eng d
040 ## - CATALOGING SOURCE
Transcribing agency PK-LaUMT
082 ## - DEWEY DECIMAL CLASSIFICATION NUMBER
Classification number AMC 956.94405
Item number JUD-
245 ## - TITLE STATEMENT
Title The judaization of jerusalem
260 ## - PUBLICATION, DISTRIBUTION, ETC. (IMPRINT)
Place of publication, distribution, etc [ ]
Name of publisher, distributor, etc [ ]
Date of publication, distribution, etc [ ]
300 ## - PHYSICAL DESCRIPTION
Extent [ ]
942 ## - ADDED ENTRY ELEMENTS (KOHA)
Koha item type Books
Holdings
Withdrawn status Lost status Damaged status Home library Current library Date acquired Full call number Barcode Date last seen Price effective from Koha item type
      UMT Main Campus UMT Main Campus 2016-02-08 AMC 956.94405 JUD- 85490 2016-02-08 2016-02-08 Books